| 000 | 00826nam a22002417a 4500 | ||
|---|---|---|---|
| 005 | 20250411141224.0 | ||
| 008 | 250411b |||||||| |||| 00| 0 eng d | ||
| 020 | _a978-3-11-076519-9 (hbk) | ||
| 037 | _cTB | ||
| 040 |
_aCRL _cCRL |
||
| 041 |
_2eng _aeng |
||
| 084 |
_aP111:1 R4 _qCRL |
||
| 245 |
_aSpeech dynamics: _bSynchronic variation and diachronic change |
||
| 260 |
_aBoston, USA: _bDe Gruyter Mouton, _c2024. |
||
| 300 | _avi, 484p. | ||
| 365 |
_b139.95 _cEURO |
||
| 650 | _aLinguistics | ||
| 650 | _aPhonetics | ||
| 700 |
_aKleber, Felicitas (Editor) _9752173 |
||
| 700 |
_aRathcke, Tamara (Editor) _9752174 |
||
| 942 |
_2CC _cTB _hP111:1 R4 _n0 |
||
| 999 |
_c1308874 _d1308874 |
||